000 00446nam a2200157Ia 4500
008 221030s9999 xx 000 0 und d
020 _a8187522399
041 _aEnglish
082 _a105.23
_bSal
100 _aR. S. Salaria
245 2 _aA Modern Approach to Programming in Fortran with Application to Science & Engineering
_cby R. S. Salaria
260 _bKhanna Pub
_aNew Delhi
_c1999
300 _a426
650 _aBE Computer
942 _cBK
999 _c4786
_d4786